[Event "First Lady's Cup"]
[Site "Surakarta/Denpasar INA"]
[Date "1982.02.17"]
[Round "7"]
[White "Miles, Anthony John"]
[Black "Maninang, Jesus Rafael"]
[Result "1-0"]
[WhiteElo "2575"]
[BlackElo "2385"]
[EventDate "1982.02.10"]
[PlyCount "81"]

1.Nf3 Nf6 2.g3 b6 3.Bg2 Bb7 4.O-O e6 5.d3 Be7 6.e4 d6 7.Nfd2 d5 8.e5 Nfd7 
9.Re1 b5 10.a4 a6 11.Qg4 g6 12.Nf3 h6 13.axb5 axb5 14.Rxa8 Bxa8 15.Nc3 c6 
16.Bd2 Bb7 17.b4 Na6 18.Na2 c5 19.bxc5 Bxc5 20.Rb1 Qb6 21.d4 Be7 22.Bf1 
Bc6 23.Bd3 Nf8 24.Qh3 Nd7 25.Qf1 Nc7 26.Qe1 Kf8 27.Ba5 Qb7 28.Bb4 Bxb4 29.
Qxb4+ Kg7 30.Qd6 Na6 31.Nd2 Rc8 32.Nb4 Nxb4 33.Qxb4 Nb6 34.Ra1 Nc4 35.Nb3 
Ra8 36.Rxa8 Qxa8 37.Qe7 Qe8 38.Qf6+ Kg8 39.Nc5 Nb2 40.Bxg6 fxg6 41.Nxe6 
1-0

[Event "First Lady's Cup"]
[Site "Surakarta/Denpasar INA"]
[Date "1982.02.17"]
[Round "7"]
[White "Bachtiar, Arovah"]
[Black "Ardiansyah"]
[Result "1-0"]
[WhiteElo "2360"]
[BlackElo "2395"]
[EventDate "1982.02.10"]
[PlyCount "59"]

1.e4 c5 2.Nf3 e6 3.d4 cxd4 4.Nxd4 a6 5.c4 Qc7 6.Nc3 Nc6 7.Be3 Nf6 8.Be2 
Bb4 9.f3 d5 10.cxd5 exd5 11.O-O dxe4 12.Nxe4 Nxe4 13.fxe4 Bd6 14.h3 O-O 
15.Rc1 Bd7 16.Bg4 Rad8 17.Bxd7 Rxd7 18.Qa4 Qa5 19.Qxa5 Nxa5 20.Rf5 b5 21.
Rd5 Rdd8 22.Nf5 Bb4 23.a3 Nb3 24.Rcd1 Ba5 25.R1d3 Na1 26.Ne7+ Kh8 27.Nc6 
Rxd5 28.exd5 Bd8 29.d6 Nc2 30.Bc5 1-0

[Event "First Lady's Cup"]
[Site "Surakarta/Denpasar INA"]
[Date "1982.02.17"]
[Round "7"]
[White "Gunawan, Ronny"]
[Black "Keene, Raymond Dennis"]
[Result "1/2-1/2"]
[WhiteElo "2345"]
[BlackElo "2505"]
[EventDate "1982.02.10"]
[PlyCount "73"]

1.d4 d5 2.c4 Nc6 3.Nc3 dxc4 4.d5 Ne5 5.f4 Ng6 6.e4 e6 7.dxe6 Qxd1+ 8.Kxd1 
fxe6 9.Bxc4 Bd7 10.Nf3 O-O-O 11.Kc2 Nh6 12.g3 Bc5 13.Re1 Rde8 14.Be3 Bxe3 
15.Rxe3 Kb8 16.Rd1 Bc8 17.b4 Rhf8 18.Kb3 Nf7 19.e5 Ne7 20.Nd4 Nd8 21.Ne4 
Nd5 22.Red3 Nb6 23.Bb5 Re7 24.R3d2 Nd5 25.Bf1 Ne3 26.Re1 Nxf1 27.Rxf1 b6 
28.b5 Bb7 29.Re1 c5 30.bxc6 Nxc6 31.Nxc6+ Bxc6 32.Nd6 g6 33.Rc1 Rc7 34.
Rdc2 Bd5+ 35.Kb4 Rxc2 36.Rxc2 a6 37.a4 1/2-1/2

[Event "First Lady's Cup"]
[Site "Surakarta/Denpasar INA"]
[Date "1982.02.17"]
[Round "7"]
[White "Sosonko, Gennadi"]
[Black "Chandler, Murray Graham"]
[Result "1-0"]
[WhiteElo "2580"]
[BlackElo "2470"]
[EventDate "1982.02.10"]
[PlyCount "85"]

1.d4 g6 2.c4 Bg7 3.Nc3 d6 4.e4 Nc6 5.d5 Nd4 6.Be3 c5 7.Nge2 Qb6 8.Na4 Qa5+
9.Bd2 Qa6 10.Nxd4 Bxd4 11.Qc2 Bd7 12.Nc3 Qb6 13.Rb1 f5 14.Bd3 fxe4 15.Nxe4
Nf6 16.Ng5 Ng4 17.O-O Ne5 18.Be4 O-O 19.g3 Rf6 20.Kg2 Qa6 21.b3 Ng4 22.f4 
b5 23.Nf3 Re8 24.Rbe1 bxc4 25.bxc4 Rb8 26.Nxd4 cxd4 27.h3 Ba4 28.Qc1 Ne3+ 
29.Bxe3 dxe3 30.Rxe3 Rb4 31.Bd3 Qb7 32.Rfe1 Rf7 33.Qc3 a5 34.R1e2 Bd1 35.
Rd2 Ba4 36.Rde2 Qa7 37.Qe1 Qd4 38.Qd2 Kf8 39.Re4 Qa1 40.Qe3 Rb7 41.c5 Bd1 
42.c6 Rb8 43.Rd2 1-0

[Event "First Lady's Cup"]
[Site "Surakarta/Denpasar INA"]
[Date "1982.02.17"]
[Round "7"]
[White "Suradiradja, Herman"]
[Black "Suttles, Duncan"]
[Result "1/2-1/2"]
[WhiteElo "2380"]
[BlackElo "2475"]
[EventDate "1982.02.10"]
[PlyCount "53"]

1.e4 g6 2.d4 d6 3.Nc3 a6 4.a4 Bg7 5.Bc4 Nf6 6.Bb3 Nc6 7.h3 O-O 8.Nf3 e6 9.
O-O b6 10.Bg5 h6 11.Bh4 g5 12.Bg3 Nh5 13.Bh2 Nf4 14.Bxf4 gxf4 15.Qd2 Qf6 
16.Ne2 Bb7 17.c3 Na5 18.Bc2 e5 19.Kh2 h5 20.g3 Nc4 21.Qc1 fxg3+ 22.fxg3 
Bh6 23.Nh4 Bxc1 24.Rxf6 Bg5 25.Rf5 f6 26.Ng2 Kg7 27.b3 1/2-1/2

[Event "First Lady's Cup"]
[Site "Surakarta/Denpasar INA"]
[Date "1982.02.17"]
[Round "7"]
[White "Handoko, Edhi"]
[Black "Spasov, Luben"]
[Result "1/2-1/2"]
[WhiteElo "2370"]
[BlackElo "2410"]
[EventDate "1982.02.10"]
[PlyCount "112"]

1.e4 c5 2.Nf3 Nc6 3.d4 cxd4 4.Nxd4 Nf6 5.Nc3 d6 6.Be2 e5 7.Nb3 Be7 8.O-O 
O-O 9.Be3 a5 10.a4 Nb4 11.f4 Be6 12.Kh1 Qc7 13.Nd2 d5 14.fxe5 Nxe4 15.Bd4 
Rfd8 16.Rc1 Bg5 17.Nb5 Qc6 18.Nxe4 dxe4 19.c3 Bxc1 20.Qxc1 Nd3 21.Qg5 Nc5 
22.Nd6 Nb3 23.Rxf7 Bxf7 24.Nf5 Bg6 25.Ne7+ Kh8 26.Nxc6 bxc6 27.Be3 Rd5 28.
h4 Re8 29.h5 Rdxe5 30.Qh4 Bf7 31.h6 c5 32.Qg3 Bg6 33.Bc4 Na1 34.Bf7 R8e7 
35.Bxg6 hxg6 36.Qxg6 Nc2 37.Bg5 R5e6 38.hxg7+ Kg8 39.Qf5 Re8 40.Qf2 e3 41.
Qe2 Na1 42.Kg1 Kxg7 43.Bf4 Kf6 44.Bg3 Nb3 45.Bh4+ Kg7 46.Qg4+ Rg6 47.Qd7+ 
Kf8 48.Be1 e2 49.Qh7 Rf6 50.Qh8+ Ke7 51.Qg7+ Ke6 52.Kh2 Rf1 53.Qg4+ Kf7 
54.Qh5+ Kf8 55.Qh8+ Kf7 56.Qh7+ Kf8 1/2-1/2

[Event "First Lady's Cup"]
[Site "Surakarta/Denpasar INA"]
[Date "1982.02.17"]
[Round "7"]
[White "Gheorghiu, Florin"]
[Black "Hulak, Krunoslav"]
[Result "1-0"]
[WhiteElo "2550"]
[BlackElo "2490"]
[EventDate "1982.02.10"]
[PlyCount "69"]

1.c4 c5 2.Nf3 Nf6 3.Nc3 Nc6 4.d4 cxd4 5.Nxd4 e6 6.g3 Bc5 7.Nb3 Be7 8.Bg2 
O-O 9.O-O d6 10.Bf4 Nh5 11.Be3 Nf6 12.Rc1 Ng4 13.Bd2 Bd7 14.e4 Nge5 15.Qe2
a5 16.Be3 a4 17.Nd2 Nb4 18.Ndb1 Rc8 19.Na3 Qa5 20.f4 Ned3 21.Rcd1 Nc5 22.
Rd2 Nba6 23.Nab5 Rfd8 24.Rfd1 Bxb5 25.Nxb5 Qb6 26.Qf2 Nc7 27.Nc3 Qa5 28.e5
Ne8 29.exd6 Nxd6 30.Bxc5 Rxc5 31.Nxa4 Rxc4 32.b3 Rb4 33.Qc5 Rxa4 34.b4 
Rxb4 35.Qxa5 1-0

[Event "First Lady's Cup"]
[Site "Surakarta/Denpasar INA"]
[Date "1982.02.17"]
[Round "7"]
[White "Browne, Walter Shawn"]
[Black "Ribli, Zoltan"]
[Result "1-0"]
[WhiteElo "2585"]
[BlackElo "2590"]
[EventDate "1982.02.10"]
[PlyCount "49"]

1.d4 Nf6 2.Nf3 e6 3.c4 b6 4.Nc3 Bb7 5.a3 d5 6.cxd5 Nxd5 7.e3 Be7 8.Bb5+ c6
9.Bd3 Nxc3 10.bxc3 c5 11.O-O Nc6 12.Qe2 O-O 13.Bb2 Rc8 14.Rad1 cxd4 15.
exd4 Na5 16.Ne5 Bf6 17.f4 g6 18.c4 Bg7 19.d5 exd5 20.f5 d4 21.fxg6 fxg6 
22.Nxg6 Re8 23.Qh5 Be4 24.Bxe4 Rxe4 25.Qf5 1-0

[Event "First Lady's Cup"]
[Site "Surakarta/Denpasar INA"]
[Date "1982.02.17"]
[Round "7"]
[White "Rodriguez Vargas, Orestes"]
[Black "Hort, Vlastimil"]
[Result "1/2-1/2"]
[WhiteElo "2430"]
[BlackElo "2590"]
[EventDate "1982.02.10"]
[PlyCount "59"]

1.e4 e5 2.Nf3 Nc6 3.Nc3 Nf6 4.d4 exd4 5.Nxd4 Bb4 6.Nxc6 bxc6 7.Bd3 d5 8.
exd5 Qe7+ 9.Qe2 cxd5 10.Qxe7+ Kxe7 11.O-O Be6 12.Nb5 Kd7 13.a3 Be7 14.Nd4 
c6 15.Bf4 Bd6 16.Bxd6 Kxd6 17.b4 g6 18.Nb3 Nd7 19.Rad1 Kc7 20.Rde1 Rhe8 
21.Re3 f6 22.Rfe1 Bf7 23.f4 Rxe3 24.Rxe3 Kd6 25.g4 Rc8 26.Ba6 Re8 27.Kf2 
g5 28.Bd3 h5 29.gxh5 Rxe3 30.Kxe3 1/2-1/2

[Event "First Lady's Cup"]
[Site "Surakarta/Denpasar INA"]
[Date "1982.02.17"]
[Round "7"]
[White "Csom, Istvan"]
[Black "Bellon Lopez, Juan Manuel"]
[Result "1/2-1/2"]
[WhiteElo "2505"]
[BlackElo "2400"]
[EventDate "1982.02.10"]
[PlyCount "82"]

1.c4 c5 2.Nf3 Nf6 3.Nc3 g6 4.d4 cxd4 5.Nxd4 Bg7 6.e4 O-O 7.Be2 Nc6 8.Be3 
b6 9.O-O Bb7 10.f3 d6 11.Qd2 Qd7 12.Rfe1 Rfd8 13.Bf1 Ne8 14.Nxc6 Bxc6 15.
Bg5 Rac8 16.Rac1 Qb7 17.b4 f6 18.Be3 Nc7 19.Qf2 Be8 20.Red1 Na6 21.a3 Bf7 
22.Nd5 e6 23.Nc3 Nc7 24.Rc2 Bf8 25.Rcd2 Be7 26.f4 d5 27.exd5 exd5 28.Qf3 
a5 29.Nxd5 Nxd5 30.cxd5 Rc3 31.Qf2 Rxd5 32.Rxd5 Bxd5 33.Bxb6 axb4 34.axb4 
Bxb4 35.Bd4 Rc6 36.Qb2 Qe7 37.h3 Bc5 38.Qf2 Kg7 39.Bxc5 Qxc5 40.Rd2 Qxf2+ 
41.Kxf2 Be6 1/2-1/2

[Event "First Lady's Cup"]
[Site "Surakarta/Denpasar INA"]
[Date "1982.02.17"]
[Round "7"]
[White "Kurajica, Bojan"]
[Black "Henley, Ronald Watson"]
[Result "1/2-1/2"]
[WhiteElo "2510"]
[BlackElo "2460"]
[EventDate "1982.02.10"]
[PlyCount "66"]

1.d4 Nf6 2.Nf3 g6 3.g3 Bg7 4.Bg2 d5 5.O-O O-O 6.c4 dxc4 7.Na3 Nc6 8.Nxc4 
Be6 9.b3 Bd5 10.Bb2 a5 11.a4 Nb4 12.Nfe5 c6 13.Nd3 Bxg2 14.Kxg2 b5 15.Nce5
Qd5+ 16.f3 Nxd3 17.Qxd3 Nd7 18.Nxd7 Qxd7 19.Rfc1 Rfb8 20.Rc2 e6 21.Ra2 Rb7
22.Ba1 Rd8 23.Qe4 Qd5 24.axb5 Rxb5 25.Rxc6 Qxb3 26.Rcc2 Rbd5 27.Rcb2 Qc4 
28.e3 Qa6 29.Qb1 h5 30.Rb6 Qc4 31.Qb3 Qc1 32.Qc3 Qd1 33.Qb3 Qc1 1/2-1/2

[Event "First Lady's Cup"]
[Site "Surakarta/Denpasar INA"]
[Date "1982.02.17"]
[Round "7"]
[White "Radulov, Ivan"]
[Black "Sampouw, Jacobus Sawandar"]
[Result "1-0"]
[WhiteElo "2505"]
[BlackElo "2305"]
[EventDate "1982.02.10"]
[PlyCount "65"]

1.e4 d6 2.d4 Nf6 3.Nc3 g6 4.f4 Bg7 5.Nf3 O-O 6.Be3 c5 7.dxc5 Qa5 8.Bd3 Ng4
9.Bd2 Qxc5 10.Qe2 Bd7 11.Nd5 Re8 12.O-O-O e6 13.Ne3 Nf6 14.e5 Nd5 15.Nc4 
dxe5 16.Ncxe5 Rc8 17.Kb1 Be8 18.h4 Nc6 19.c3 b5 20.h5 Rab8 21.hxg6 hxg6 
22.Rc1 Qd6 23.g3 Na5 24.Be3 b4 25.cxb4 Rxc1+ 26.Rxc1 Qxb4 27.Bxa7 Ra8 28.
Bc5 Qb7 29.Nd4 Nc6 30.Ndxc6 Bxc6 31.Nxg6 Rb8 32.Ne5 Nb4 33.Bxb4 1-0

[Event "First Lady's Cup"]
[Site "Surakarta/Denpasar INA"]
[Date "1982.02.18"]
[Round "8"]
[White "Hort, Vlastimil"]
[Black "Gunawan, Ronny"]
[Result "1-0"]
[WhiteElo "2590"]
[BlackElo "2345"]
[EventDate "1982.02.10"]
[PlyCount "127"]

1.d4 Nf6 2.c4 g6 3.Nc3 Bg7 4.e4 d6 5.Nf3 O-O 6.Be2 e5 7.Be3 Nc6 8.O-O Bg4 
9.d5 Ne7 10.b4 Ne8 11.c5 h6 12.h3 Bxf3 13.Bxf3 f5 14.Bd2 Nf6 15.Qe2 fxe4 
16.Bxe4 Nxe4 17.Qxe4 Nf5 18.Rac1 a6 19.Qd3 Kh7 20.Ne4 Qe7 21.Be3 Qf7 22.
Rfd1 Nd4 23.Nc3 a5 24.a3 axb4 25.axb4 Ra3 26.Kh1 b6 27.cxb6 cxb6 28.Qc4 
Qd7 29.Ne4 Rf7 30.Qc8 Rb3 31.Qxd7 Rxd7 32.Rb1 Rxb1 33.Rxb1 b5 34.Ra1 Nc2 
35.Ra5 Nxb4 36.Rxb5 Na6 37.Bb6 Kh8 38.Ra5 Nb4 39.Be3 Rd8 40.Rb5 Nd3 41.g3 
Bf8 42.Rb7 Nc5 43.Bxc5 dxc5 44.Kg2 Bg7 45.d6 Bf8 46.Kf3 c4 47.Ke2 c3 48.d7
Kg7 49.Kd3 Kf7 50.Kxc3 Ke6 51.Rb6+ Kxd7 52.Rxg6 Ke7 53.h4 Kf7 54.h5 Rd4 
55.f3 Rd1 56.g4 Rf1 57.Rf6+ Ke7 58.Kd2 Ra1 59.Rg6 Ra2+ 60.Ke3 Ra3+ 61.Kf2 
Ra2+ 62.Kg3 Ra1 63.Nd6 Kd7 64.Nf7 1-0

[Event "First Lady's Cup"]
[Site "Surakarta/Denpasar INA"]
[Date "1982.02.18"]
[Round "8"]
[White "Sosonko, Gennadi"]
[Black "Suradiradja, Herman"]
[Result "1-0"]
[WhiteElo "2580"]
[BlackElo "2380"]
[EventDate "1982.02.10"]
[PlyCount "103"]

1.d4 Nf6 2.c4 g6 3.Nc3 Bg7 4.e4 d6 5.Nf3 O-O 6.Be2 e5 7.O-O Nc6 8.d5 Ne7 
9.Ne1 Nd7 10.Nd3 f5 11.Bd2 fxe4 12.Nxe4 Nf5 13.Bc3 Nf6 14.Nxf6+ Qxf6 15.
Qb3 Qg5 16.g3 h5 17.Kh1 h4 18.g4 Nh6 19.h3 e4 20.Bxg7 Kxg7 21.Ne1 b6 22.
Qc3+ Kh7 23.Qd4 Qe7 24.Ng2 Bd7 25.Rae1 c5 26.Qe3 Rae8 27.Bd1 Qd8 28.Qd2 
Nf7 29.Re3 Ne5 30.Rxe4 Nf3 31.Rxe8 Nxd2 32.Rxd8 Rxd8 33.Re1 Re8 34.Rxe8 
Bxe8 35.Be2 a6 36.Nxh4 b5 37.cxb5 Bxb5 38.Bxb5 axb5 39.Kg2 c4 40.Nf3 Ne4 
41.Nd4 b4 42.Nc2 c3 43.bxc3 bxc3 44.a4 Nf6 45.a5 Nxd5 46.a6 Kg7 47.a7 Nc7 
48.f4 Kf6 49.h4 Ke6 50.h5 gxh5 51.gxh5 Kf6 52.Kf3 1-0

[Event "First Lady's Cup"]
[Site "Surakarta/Denpasar INA"]
[Date "1982.02.18"]
[Round "8"]
[White "Suttles, Duncan"]
[Black "Browne, Walter Shawn"]
[Result "1/2-1/2"]
[WhiteElo "2475"]
[BlackElo "2585"]
[EventDate "1982.02.10"]
[PlyCount "73"]

1.g3 e5 2.c4 Nc6 3.Nc3 g6 4.Rb1 f5 5.Bg2 Bg7 6.d3 Nf6 7.b4 a6 8.a4 O-O 9.
b5 axb5 10.axb5 Ne7 11.Qb3 h6 12.f4 d6 13.Nf3 e4 14.Nd4 exd3 15.exd3 Ne4 
16.Nde2 Nxc3 17.Nxc3 c6 18.O-O Be6 19.Re1 Bf7 20.Be3 d5 21.Na4 cxb5 22.
Qxb5 Be8 23.Qxb7 Bc6 24.Bb6 Bd4+ 25.Kf1 Bxb7 26.Bxd8 Rfxd8 27.Rxe7 Rxa4 
28.Rexb7 dxc4 29.Bc6 Ra2 30.dxc4 Rf2+ 31.Kg1 Rc2+ 32.Kh1 Rxc4 33.Rc7 Rc5 
34.Rbb7 g5 35.Bd7 Rxc7 36.Rxc7 gxf4 37.gxf4 1/2-1/2

[Event "First Lady's Cup"]
[Site "Surakarta/Denpasar INA"]
[Date "1982.02.18"]
[Round "8"]
[White "Hulak, Krunoslav"]
[Black "Csom, Istvan"]
[Result "1-0"]
[WhiteElo "2490"]
[BlackElo "2505"]
[EventDate "1982.02.10"]
[PlyCount "81"]

1.d4 Nf6 2.Nf3 e6 3.Bg5 Be7 4.c4 b6 5.Nc3 Bb7 6.e3 c5 7.dxc5 bxc5 8.Be2 
O-O 9.O-O Qb6 10.Qc2 Rd8 11.Rfd1 d6 12.a3 Nc6 13.Rab1 Rac8 14.Nd2 Ba8 15.
h3 h6 16.Bh4 a6 17.Bg3 Rd7 18.Bf3 Bb7 19.Na4 Qa7 20.b4 cxb4 21.axb4 Nb8 
22.Qa2 Bxf3 23.Nxf3 Ne4 24.Bh2 Rb7 25.Rd4 Nf6 26.Bxd6 Nc6 27.Bxe7 Nxd4 28.
exd4 Rxe7 29.Nc5 Nd7 30.Nxa6 Nb8 31.b5 Nxa6 32.bxa6 Rc6 33.Ra1 Rec7 34.c5 
f6 35.Ne1 Kh8 36.Nd3 Rd7 37.Nb4 Rcc7 38.Qxe6 Qa8 39.Qb6 Rc8 40.c6 Re7 41.
a7 1-0

[Event "First Lady's Cup"]
[Site "Surakarta/Denpasar INA"]
[Date "1982.02.18"]
[Round "8"]
[White "Keene, Raymond Dennis"]
[Black "Matanovic, Aleksandar"]
[Result "1/2-1/2"]
[WhiteElo "2505"]
[BlackElo "2495"]
[EventDate "1982.02.10"]
[PlyCount "30"]

1.d4 Nf6 2.c4 e6 3.Nc3 Bb4 4.e3 c5 5.Bd3 O-O 6.Ne2 d5 7.O-O dxc4 8.Bxc4 
cxd4 9.exd4 Nbd7 10.a3 Be7 11.Qd3 Nb6 12.Ba2 Bd7 13.Bg5 Bc6 14.Rad1 Nbd5 
15.Rfe1 Re8 1/2-1/2

[Event "First Lady's Cup"]
[Site "Surakarta/Denpasar INA"]
[Date "1982.02.18"]
[Round "8"]
[White "Sampouw, Jacobus Sawandar"]
[Black "Gheorghiu, Florin"]
[Result "0-1"]
[WhiteElo "2305"]
[BlackElo "2550"]
[EventDate "1982.02.10"]
[PlyCount "52"]

1.e4 c5 2.Nf3 e6 3.d4 cxd4 4.Nxd4 Nf6 5.Nc3 d6 6.Be3 a6 7.Be2 Qc7 8.Qd2 b5
9.a3 Bb7 10.f3 Be7 11.O-O Nbd7 12.a4 b4 13.Na2 d5 14.Nxb4 dxe4 15.f4 O-O 
16.c3 Rfd8 17.Rfd1 Nb6 18.a5 Nbd5 19.Bf1 Bc5 20.Nxd5 Nxd5 21.Kh1 Rd7 22.g3
Rad8 23.Bg2 Nxe3 24.Qxe3 f6 25.Qc1 e5 26.fxe5 fxe5 0-1

[Event "First Lady's Cup"]
[Site "Surakarta/Denpasar INA"]
[Date "1982.02.18"]
[Round "8"]
[White "Bellon Lopez, Juan Manuel"]
[Black "Kurajica, Bojan"]
[Result "1/2-1/2"]
[WhiteElo "2400"]
[BlackElo "2510"]
[EventDate "1982.02.10"]
[PlyCount "35"]

1.e4 c5 2.Nf3 Nc6 3.d4 cxd4 4.Nxd4 Qc7 5.Nc3 e6 6.f4 a6 7.Be3 b5 8.Bd3 b4 
9.Na4 Bb7 10.Nb3 d6 11.Qe2 Nf6 12.Bb6 Qb8 13.O-O-O Be7 14.Rhe1 e5 15.f5 h6
16.Be3 Nd7 17.Qg4 Kf8 18.Nb6 1/2-1/2

[Event "First Lady's Cup"]
[Site "Surakarta/Denpasar INA"]
[Date "1982.02.18"]
[Round "8"]
[White "Spasov, Luben"]
[Black "Bachtiar, Arovah"]
[Result "1-0"]
[WhiteElo "2410"]
[BlackElo "2360"]
[EventDate "1982.02.10"]
[PlyCount "97"]

1.d4 Nf6 2.c4 e6 3.Nf3 Bb4+ 4.Bd2 Qe7 5.g3 b6 6.Bg2 Bb7 7.O-O Bxd2 8.Qxd2 
O-O 9.Nc3 d6 10.d5 e5 11.e4 Ne8 12.Ne1 Nd7 13.Nd3 g6 14.Rae1 Ng7 15.f4 f6 
16.f5 g5 17.b4 a5 18.a3 Rfc8 19.Rc1 c6 20.dxc6 Bxc6 21.Nd5 Bxd5 22.cxd5 
Qd8 23.Rc6 Nb8 24.b5 Nxc6 25.dxc6 Ne8 26.a4 d5 27.exd5 Nd6 28.Nf2 Ra7 29.
Be4 Qe7 30.Rc1 Rac7 31.Qe3 Rb8 32.Kg2 Kf8 33.Qd3 Ke8 34.Rh1 Kd8 35.h4 gxh4
36.Rxh4 Rcc8 37.Ng4 Qg7 38.Qf3 Rc7 39.Qa3 Qf8 40.Rh6 Rf7 41.Nxe5 Nxe4 42.
Nxf7+ Qxf7 43.Rh4 Nc5 44.Qf3 Qc7 45.d6 Qxd6 46.Rxh7 Kc8 47.Qg4 Qd5+ 48.Kh2
Nd3 49.Rh8+ 1-0

[Event "First Lady's Cup"]
[Site "Surakarta/Denpasar INA"]
[Date "1982.02.19"]
[Round "9"]
[White "Suradiradja, Herman"]
[Black "Chandler, Murray Graham"]
[Result "1/2-1/2"]
[WhiteElo "2380"]
[BlackElo "2470"]
[EventDate "1982.02.10"]
[PlyCount "51"]

1.e4 c6 2.d4 d5 3.Nd2 dxe4 4.Nxe4 Bf5 5.Ng3 Bg6 6.h4 h6 7.Nf3 Nd7 8.h5 Bh7
9.Bd3 Bxd3 10.Qxd3 Ngf6 11.Bf4 e6 12.O-O-O Be7 13.Ne5 a5 14.Rhe1 O-O 15.
Kb1 a4 16.c4 a3 17.b3 Bb4 18.Rh1 Qe7 19.Ne4 Rad8 20.Nxf6+ Qxf6 21.Qe4 Nxe5
22.dxe5 Qe7 23.Kc2 Rxd1 24.Rxd1 Rd8 25.Rxd8+ Qxd8 26.Be3 1/2-1/2

[Event "First Lady's Cup"]
[Site "Surakarta/Denpasar INA"]
[Date "1982.02.19"]
[Round "9"]
[White "Miles, Anthony John"]
[Black "Spasov, Luben"]
[Result "1-0"]
[WhiteElo "2575"]
[BlackElo "2410"]
[EventDate "1982.02.10"]
[PlyCount "81"]

1.d4 Nf6 2.Nc3 d5 3.Bg5 g6 4.Bxf6 exf6 5.e3 Bg7 6.Bd3 O-O 7.Qf3 c6 8.g4 
Re8 9.O-O-O a5 10.Nge2 a4 11.a3 b5 12.Na2 Na6 13.c3 Nc7 14.h4 Ne6 15.e4 
Nc7 16.Nb4 Qd6 17.exd5 Nxd5 18.Nxd5 cxd5 19.h5 Qc6 20.Kb1 Re4 21.hxg6 hxg6
22.Nf4 f5 23.g5 Bd7 24.Bxe4 fxe4 25.Qg3 Bf5 26.Ka1 Rc8 27.Ng2 Be6 28.Ne3 
Qd7 29.Rh4 Qe7 30.Rdh1 Qc7 31.Qxc7 Rxc7 32.Ng4 Kf8 33.Nf6 Ke7 34.Rf4 Rc8 
35.Rh7 Bxf6 36.Rxf6 Rb8 37.Kb1 Rc8 38.Kc1 Rb8 39.Kd2 Rc8 40.Rxg6 Bf5 41.
Rxf7+ 1-0

[Event "First Lady's Cup"]
[Site "Surakarta/Denpasar INA"]
[Date "1982.02.19"]
[Round "9"]
[White "Radulov, Ivan"]
[Black "Keene, Raymond Dennis"]
[Result "1/2-1/2"]
[WhiteElo "2505"]
[BlackElo "2505"]
[EventDate "1982.02.10"]
[PlyCount "27"]

1.e4 g6 2.d4 Bg7 3.f4 c5 4.dxc5 Qa5+ 5.c3 Qxc5 6.Nf3 d6 7.Bd3 Nf6 8.Qe2 
O-O 9.Be3 Qc7 10.O-O Nbd7 11.Nbd2 b6 12.Nb3 Bb7 13.Bd2 e5 14.fxe5 1/2-1/2

[Event "First Lady's Cup"]
[Site "Surakarta/Denpasar INA"]
[Date "1982.02.19"]
[Round "9"]
[White "Gheorghiu, Florin"]
[Black "Christiansen, Larry"]
[Result "1/2-1/2"]
[WhiteElo "2550"]
[BlackElo "2585"]
[EventDate "1982.02.10"]
[PlyCount "31"]

1.d4 Nf6 2.c4 e6 3.Nf3 Bb4+ 4.Bd2 Qe7 5.g3 Nc6 6.Nc3 d5 7.cxd5 exd5 8.Bg2 
O-O 9.O-O Bg4 10.Bg5 Rad8 11.Rc1 h6 12.Bxf6 Qxf6 13.e3 Ne7 14.h3 Bxf3 15.
Qxf3 Qxf3 16.Bxf3 1/2-1/2

[Event "First Lady's Cup"]
[Site "Surakarta/Denpasar INA"]
[Date "1982.02.19"]
[Round "9"]
[White "Gunawan, Ronny"]
[Black "Maninang, Jesus Rafael"]
[Result "1/2-1/2"]
[WhiteElo "2345"]
[BlackElo "2385"]
[EventDate "1982.02.10"]
[PlyCount "30"]

1.d4 Nf6 2.c4 e6 3.Nc3 Bb4 4.e3 c5 5.Nf3 O-O 6.Bd3 Nc6 7.O-O Bxc3 8.bxc3 
d6 9.e4 e5 10.d5 Ne7 11.Nh4 h6 12.g3 Ng6 13.Nxg6 fxg6 14.f4 Bh3 15.Re1 Qd7
1/2-1/2

[Event "First Lady's Cup"]
[Site "Surakarta/Denpasar INA"]
[Date "1982.02.19"]
[Round "9"]
[White "Kurajica, Bojan"]
[Black "Hulak, Krunoslav"]
[Result "1/2-1/2"]
[WhiteElo "2510"]
[BlackElo "2490"]
[EventDate "1982.02.10"]
[PlyCount "27"]

1.e4 c6 2.d4 d5 3.exd5 cxd5 4.c4 Nf6 5.Nc3 Nc6 6.Bg5 Qa5 7.Bxf6 exf6 8.
cxd5 Bb4 9.dxc6 Bxc3+ 10.bxc3 Qxc3+ 11.Ke2 O-O 12.f3 Re8+ 13.Kf2 Qe3+ 14.
Kg3 1/2-1/2

[Event "First Lady's Cup"]
[Site "Surakarta/Denpasar INA"]
[Date "1982.02.19"]
[Round "9"]
[White "Bachtiar, Arovah"]
[Black "Ribli, Zoltan"]
[Result "1-0"]
[WhiteElo "2360"]
[BlackElo "2590"]
[EventDate "1982.02.10"]
[PlyCount "101"]

1.d4 Nf6 2.c4 e6 3.Nf3 b6 4.g3 Ba6 5.Qc2 c5 6.Bg2 Nc6 7.dxc5 Bxc5 8.O-O 
O-O 9.a3 Bb7 10.b4 Be7 11.Bb2 Rc8 12.Nc3 a5 13.b5 Nb8 14.Qd3 Qc7 15.Nd2 
Bxg2 16.Kxg2 d6 17.Rac1 Rfd8 18.Nce4 Nfd7 19.f4 f5 20.Ng5 Bxg5 21.fxg5 Ne5
22.Qe3 Nbd7 23.Nf3 Re8 24.Nxe5 Nxe5 25.Bxe5 dxe5 26.Rfd1 e4 27.Rc2 Kf7 28.
h4 Red8 29.Rxd8 Qxd8 30.c5 Qd5 31.c6 Qxb5 32.Qd4 Qd5 33.Qxb6 Kg6 34.c7 e3+
35.Kh2 f4 36.Qc5 Kf5 37.gxf4 Qxc5 38.Rxc5+ Kxf4 39.Kg2 e5 40.a4 Ke4 41.Kg3
Kd4 42.Rc1 Ke4 43.Kg4 g6 44.Rc2 Kd4 45.Rc1 Ke4 46.Rc3 Kd5 47.Kf3 Kd4 48.
Rd3+ Kc4 49.Rd7 Kb4 50.Rxh7 Kxa4 51.h5 1-0

[Event "First Lady's Cup"]
[Site "Surakarta/Denpasar INA"]
[Date "1982.02.19"]
[Round "9"]
[White "Henley, Ronald Watson"]
[Black "Bellon Lopez, Juan Manuel"]
[Result "1-0"]
[WhiteElo "2460"]
[BlackElo "2400"]
[EventDate "1982.02.10"]
[PlyCount "81"]

1.d4 d5 2.c4 c6 3.Nc3 Nf6 4.Nf3 dxc4 5.a4 Bf5 6.Ne5 Nbd7 7.Nxc4 Qc7 8.g3 
e5 9.dxe5 Nxe5 10.Bf4 Nfd7 11.Bg2 Be6 12.Nxe5 Nxe5 13.Qd4 f6 14.a5 a6 15.
Ne4 Rd8 16.Qc3 Bd5 17.O-O Be7 18.Rfd1 Bxe4 19.Rxd8+ Bxd8 20.Bxe4 O-O 21.
Qc2 g6 22.Qc3 Qd7 23.Qb3+ Qf7 24.Qxf7+ Rxf7 25.Bd2 Rd7 26.Bc3 Bc7 27.f4 f5
28.Bc2 Ng4 29.e4 fxe4 30.Bb3+ Rd5 31.h3 Ne3 32.Kf2 Nf5 33.Rd1 Ne7 34.Bf6 
Kf7 35.Bxe7 Kxe7 36.Bxd5 cxd5 37.Rxd5 Ke6 38.Rg5 b5 39.axb6 Bxb6+ 40.Ke2 
e3 41.b3 1-0

[Event "First Lady's Cup"]
[Site "Surakarta/Denpasar INA"]
[Date "1982.02.19"]
[Round "9"]
[White "Csom, Istvan"]
[Black "Sampouw, Jacobus Sawandar"]
[Result "1-0"]
[WhiteElo "2505"]
[BlackElo "2305"]
[EventDate "1982.02.10"]
[PlyCount "115"]

1.d4 Nf6 2.c4 e6 3.g3 c5 4.d5 exd5 5.cxd5 d6 6.Bg2 g6 7.Nc3 Bg7 8.Nf3 O-O 
9.O-O a6 10.a4 Bg4 11.h3 Bxf3 12.Bxf3 Nbd7 13.a5 b5 14.axb6 Nxb6 15.Bg2 
Nfd7 16.Qc2 Qc7 17.Ra2 Rfb8 18.Rd1 Nc8 19.Ne4 Ne7 20.Nd2 Nf5 21.e3 h5 22.
Nc4 Ne5 23.Na5 Rb5 24.Bd2 Rc8 25.Bc3 Nd4 26.exd4 cxd4 27.Rxd4 Rxa5 28.Rda4
Rxa4 29.Rxa4 Qb6 30.Qe2 Qb5 31.Qxb5 axb5 32.Ra6 Rb8 33.Bb4 Bf8 34.Bf1 Nc4 
35.b3 Nb6 36.Bg2 Rb7 37.Kf1 Kg7 38.Ke2 Kf6 39.Kd2 Ke7 40.Bf1 Bh6+ 41.Kd1 
Nxd5 42.Bxd6+ Kd7 43.Bc5 Nc3+ 44.Kc2 Ne4 45.Bb6 Nd6 46.Bg2 Rb8 47.Bd5 Rc8+
48.Kd3 Bg7 49.Ra7+ Ke8 50.Bc7 Nf5 51.Bc6+ Kf8 52.Bd7 Rxc7 53.Rxc7 Nd6 54.
b4 Bb2 55.Ra7 Bf6 56.f4 g5 57.Ra8+ Ke7 58.fxg5 1-0

[Event "First Lady's Cup"]
[Site "Surakarta/Denpasar INA"]
[Date "1982.02.19"]
[Round "9"]
[White "Rodriguez Vargas, Orestes"]
[Black "Ardiansyah"]
[Result "1/2-1/2"]
[WhiteElo "2430"]
[BlackElo "2395"]
[EventDate "1982.02.10"]
[PlyCount "74"]

1.d4 Nf6 2.Nf3 e6 3.c4 d5 4.cxd5 exd5 5.Nc3 c6 6.Bg5 Be7 7.e3 O-O 8.Bd3 
Ne4 9.Bf4 f5 10.h3 Nd7 11.Qc2 Ndf6 12.Ne5 Be6 13.g4 c5 14.gxf5 cxd4 15.
exd4 Bxf5 16.f3 Nxc3 17.Bxf5 Nb5 18.O-O-O Qb6 19.Be3 Kh8 20.Bxh7 Ne4 21.
Ng6+ Kxh7 22.Nxf8+ Rxf8 23.fxe4 Na3 24.bxa3 Bxa3+ 25.Kd2 Bb4+ 26.Ke2 Qa6+ 
27.Qd3 Qxa2+ 28.Bd2 dxe4 29.Qxe4+ Kh8 30.d5 Qa6+ 31.Qd3 Rf2+ 32.Kxf2 Qxd3 
33.Bxb4 Qf5+ 34.Ke3 Qe5+ 35.Kf3 Qf5+ 36.Kg3 Qg5+ 37.Kf3 Qf5+ 1/2-1/2

[Event "First Lady's Cup"]
[Site "Surakarta/Denpasar INA"]
[Date "1982.02.22"]
[Round "9"]
[White "Handoko, Edhi"]
[Black "Suttles, Duncan"]
[Result "1-0"]
[WhiteElo "2370"]
[BlackElo "2475"]
[EventDate "1982.02.10"]
[PlyCount "65"]

1.e4 g6 2.d4 Bg7 3.Nf3 d6 4.Be2 Nf6 5.Nc3 a6 6.a4 O-O 7.O-O Bg4 8.h3 Bxf3 
9.Bxf3 Nc6 10.Be3 e5 11.d5 Ne7 12.Qd2 Kh8 13.Be2 Nd7 14.f4 exf4 15.Bxf4 
Ng8 16.Rf2 h6 17.Raf1 Kh7 18.Be3 Qe7 19.Bd3 Rae8 20.Rf3 Ne5 21.Rf4 Nf6 22.
Be2 Nfd7 23.Kh1 Bf6 24.Rxf6 Nxf6 25.Bxh6 Rh8 26.Bg5 Ned7 27.Bg4 Nxe4 28.
Nxe4 Qxe4 29.Bxd7 Re5 30.Rxf7+ Kg8 31.Rf1 Rh7 32.Be6+ Rxe6 33.dxe6 1-0